Colorful flags of the world - Statistics

General Stats
  • This quiz has been taken 22 times
  • The average score is 22 of 24
Answer Stats
Picture Answer % Correct
Antigua and Barbuda
95%
Brunei
95%
Dominica
95%
Fiji
95%
South Africa
95%
Vatican City
95%
Central African Republic
90%
Eswatini
90%
Kiribati
90%
Mexico
90%
Mozambique
90%
Namibia
90%
Paraguay
90%
Portugal
90%
Seychelles
90%
South Sudan
90%
Sri Lanka
90%
Tuvalu
90%
Uganda
90%
Comoros
86%
Guyana
86%
Moldova
86%
St. Kitts and Nevis
86%
Zimbabwe
86%
No matching quizzes found
Score Distribution
Percent of People with Each Score
Percentile by Number Answered
Your Score History
You have not taken this quiz